000 00707nam a2200241Ia 4500
003 OSt
005 20220925215314.0
006 a|||||r|||| 00| 0
007 ta
008 220923b |||||||| |||| 00| 0 eng d
037 _cGeneral Book
040 _aRTL
_cRTL
_beng
041 _2eng
_aeng
082 _aX:97, M3
100 _aGospel Howard F Ed.
_9282537
245 0 _aManagerial strategiesand industrial relations
_b An
260 _aLondon
_bHeinemann Uk
_c1983
300 _a201p.
_ccm.
650 _aIndustrial Relation
700 _a Littler Craig R Ed.
_9282538
942 _hX:97, M3
_cGB
_2CC
999 _c568431
_d568431